000 00523nam a2200217Ia 4500
008 150901s9999 xx 000 0 und d
041 _aEnglish
082 _a658
082 _bBOU/AR
100 _aBoulter N
100 _aDalziel M
245 _aArt of HRD: people and compectencies V.5
260 _aNewdelhi
260 _bCrest publishing
260 _c1999
300 _a155 Pages
365 _aRs.51
650 _aHuman resource development
650 _aManagement
942 _cREF
999 _c201523
_d201523